000 00235nam a2200097Ia 4500
005 20251222175818.0
008 251222s9999||||xx |||||||||||||| ||spa||
082 _aDVD0040/M19/2005
245 0 _aEl nuevo mundo:The New World
942 _cDVD
999 _c40384
_d40384